| 000 | 01591cam a22003494a 4500 | ||
|---|---|---|---|
| 001 | 14279082 | ||
| 003 | OSt | ||
| 005 | 20140310181917.0 | ||
| 008 | 060227s2006 tnu b 000 0 eng | ||
| 010 | _a 2006006618 | ||
| 020 | _a0785260986 (hardcover) | ||
| 040 |
_aDLC _cDLC _dDLC |
||
| 042 | _apcc | ||
| 050 | 0 | 0 |
_aBF 327 _b.M39 2006 |
| 082 | 0 | 0 |
_aTR 650.1 _bM45 2006 |
| 100 | 1 |
_aMaxwell, John C., _d1947- _91162 |
|
| 245 | 1 | 4 |
_aThe difference maker : _bmaking your attitude your greatest asset / _cJohn C. Maxwell. |
| 260 |
_aNashville : _bNelson Business, _cc2006. |
||
| 300 |
_a184 p. ; _c19 cm. |
||
| 504 | _aIncludes bibliographical references (p. [179]-182). | ||
| 505 | 0 | _aWhere did you get your attitude? -- What your attitude cannot do for you -- What your attitude can do for you -- How to make your attitude your greatest asset -- The big five attitude obstacles -- Discouragement -- Change -- Problems -- Fear -- Failure -- The difference maker in your life can help you make a difference in the lives of others. | |
| 521 | _aFaculty. | ||
| 541 | _j1 | ||
| 562 | _e1 | ||
| 650 | 0 |
_aAttitude (Psychology) _91163 |
|
| 650 | 0 |
_aSuccess. _9730 |
|
| 856 | 4 | 1 |
_3Table of contents only _uhttp://www.loc.gov/catdir/toc/ecip069/2006006618.html |
| 856 | 4 | 2 |
_3Publisher description _uhttp://www.loc.gov/catdir/enhancements/fy0632/2006006618-d.html |
| 906 |
_a7 _bcbc _corignew _d1 _eecip _f20 _gy-gencatlg |
||
| 942 |
_2lcc _cBK-TR _kTR |
||
| 999 |
_c6825 _d6825 |
||